000 01393nam a2200337 i 4500
003 DO-SdBNP
005 20240408143045.0
007 ta
008 240318s2023 dr 001 0dspa d
020 _a9789945648195
020 _a9798857793299 (Amazon)
040 _aDO-SdBNP
_bspa
_cBNPHU
_erda
082 4 _bH557
_222
100 _aHernández, Lissette
_962270
_eautora
245 1 0 _aLucidez y resiliencia /
_cLissette Hernández ; prefacio Jorge Adiel Gómez Zuluaga
246 1 0 _aLucidez y resiliencia :
_b´´Del dolor al poder: mi testimonio de superación al vivir con enfermedades autoinmunes¨/
264 _aSanto Domingo :
_bSantuario,
_c2023.
300 _a82 páginas
_a134 páginas
_c21cm.
_c23 cm.
_c28 cm.
336 _2rdacontent
_atexto
_btxt
337 _2rdamedia
_asin mediación
_bn
338 _2rdacarrier
_avolumen
_bnc
500 _aIncluye datos biografícos de la autora en las solapas.
500 _aIncluye datos biografícos de la autora en las páginas 131-134 y contraportada.
500 _aEscuela de autores.
500 _aColaboración de la Asociación Dominicana de Miastenia Gravis (ASODOMIG).
500 _aLa biblioteca posee 5 ejemplares de los cuales 2 miden 21 cm, 2 miden 23 cm y 1 mide 28 cm.
590 _aInventariado, 2024/ YL
700 1 _aGómez Zuluaga, Jorge Adiel
_eprefacio
_918786
910 _aYLockward
942 _2ddc
_cLBS1
999 _c56131
_d56131